[Event "Llinars del Valles op-A 6th"]
[Site "Llinars del Valles"]
[Date "2012.04.21"]
[Round "2"]
[White "Simon del Sol, Jaume"]
[Black "Melich Martinez, Josep"]
[Result "1-0"]
[WhiteElo "2011"]
[BlackElo "1752"]
[PlyCount "77"]
[EventDate "2012.04.14"]
[EventType "swiss"]
[EventRounds "9"]
[EventCountry "ESP"]
[SourceTitle "EXT 2013"]
[Source "ChessBase"]
[SourceDate "2012.11.22"]
[SourceVersion "1"]
[SourceVersionDate "2012.11.22"]
[SourceQuality "1"]

1. Nf3 Nf6 2. g3 d5 3. Bg2 e6 4. 0-0 Be7 5. d4 0-0 6. c4 b6 7. Ne5 Bb7 8. Nc3 Nbd7 9. Bf4 c5 10. Rc1 cxd4 11. Qxd4 Bc5 12. Qd1 Nxe5 13. Bxe5 Ne4 14. Nxe4 dxe4 15. Qc2 f5 16. e3 Qe7 17. Rfd1 Rfd8 18. a3 a5 19. Qc3 Bc6 20. Bf1 Ba4 21. b3 Be8 22. a4 Bh5 23. Rd4 Bxd4 24. exd4 Rdc8 25. Qe3 Rc6 26. Bg2 Rac8 27. h3 Bf3 28. Bxf3 exf3 29. Qxf3 Qg5 30. Rd1 g6 31. d5 exd5 32. Qxd5+ Kf8 33. Bd6+ Kg7 34. Re1 Rxd6 35. Qxd6 Qd8 36. Re7+ Kh6 37. Qf4+ g5 38. Re6+ Kg7 39. Qe5+ 1-0

[Event "Roncana op-A 5th"]
[Site "Santa Eulalia de Roncana"]
[Date "2011.11.12"]
[Round "6"]
[White "Melich Martinez, Josep"]
[Black "Turon Mora, Joan"]
[Result "1/2-1/2"]
[WhiteElo "1736"]
[BlackElo "1906"]
[PlyCount "80"]
[EventDate "2011.10.01"]
[EventType "swiss"]
[EventRounds "8"]
[EventCountry "ESP"]
[SourceTitle "EXT 2013"]
[Source "ChessBase"]
[SourceDate "2012.11.22"]
[SourceVersion "1"]
[SourceVersionDate "2012.11.22"]
[SourceQuality "1"]

1. d4 Nf6 2. c4 e6 3. Nf3 b6 4. a3 Bb7 5. Nc3 Be7 6. d5 0-0 7. e4 exd5 8. cxd5 d6 9. Bc4 a5 10. 0-0 Nbd7 11. Bf4 Ba6 12. Qe2 Bxc4 13. Qxc4 Ne8 14. Rfe1 Bf6 15. e5 dxe5 16. Nxe5 Nd6 17. Qc6 Nc5 18. Rad1 a4 19. Nd3 Bxc3 20. bxc3 Ra5 21. Bxd6 cxd6 22. Nb2 Qb8 23. Nc4 Ra7 24. Qxd6 Qxd6 25. Nxd6 Rd7 26. Nb5 Rfd8 27. Re3 Kf8 28. c4 Nb3 29. Nd4 Na5 30. Rc1 Rc7 31. Rec3 Rdc8 32. Kf1 Rxc4 33. Rxc4 Rxc4 34. Rxc4 Nxc4 35. Nb5 Ke7 36. Ke2 Nd6 37. Nc3 Nc4 38. Nxa4 Nxa3 39. Nxb6 Kd6 40. Kd3 Kc5 1/2-1/2

[Event "Roncana op-A 5th"]
[Site "Santa Eulalia de Roncana"]
[Date "2011.11.05"]
[Round "5"]
[White "Morais Carreras, Javier"]
[Black "Melich Martinez, Josep"]
[Result "1-0"]
[WhiteElo "1987"]
[BlackElo "1736"]
[PlyCount "43"]
[EventDate "2011.10.01"]
[EventType "swiss"]
[EventRounds "8"]
[EventCountry "ESP"]
[SourceTitle "EXT 2013"]
[Source "ChessBase"]
[SourceDate "2012.11.22"]
[SourceVersion "1"]
[SourceVersionDate "2012.11.22"]
[SourceQuality "1"]

1. e4 c5 2. Nf3 Nc6 3. Bb5 g6 4. Bxc6 bxc6 5. 0-0 Bg7 6. Nc3 e6 7. Re1 Ne7 8. d3 0-0 9. Be3 Rb8 10. Bxc5 Rxb2 11. e5 a5 12. Ne4 Rb5 13. a4 Rxc5 14. Nxc5 d6 15. Nb3 dxe5 16. Nxe5 Qc7 17. d4 c5 18. Nxc5 Rd8 19. c3 Nd5 20. Qf3 Bb7 21. Nxb7 Bxe5 22. Nxd8 1-0

[Event "Roncana op 4th"]
[Site "Santa Eulalia de Roncana"]
[Date "2010.11.13"]
[Round "7"]
[White "Melich Martinez, Josep"]
[Black "Moliner Vacca, Enric"]
[Result "1-0"]
[WhiteElo "1758"]
[BlackElo "1849"]
[PlyCount "75"]
[EventDate "2010.10.02"]
[EventType "swiss"]
[EventRounds "9"]
[EventCountry "ESP"]
[SourceTitle "EXT 2012"]
[Source "ChessBase"]
[SourceDate "2011.11.24"]
[SourceVersion "1"]
[SourceVersionDate "2011.11.24"]
[SourceQuality "1"]

1. d4 Nf6 2. Nf3 g6 3. c4 Bg7 4. Nc3 0-0 5. e4 d6 6. Be2 Nbd7 7. 0-0 c5 8. d5 Re8 9. Re1 a6 10. Bf1 Qc7 11. Bd2 Rb8 12. a4 Nb6 13. h3 Bd7 14. Qc2 h6 15. Rac1 Kh7 16. b3 Rbc8 17. e5 dxe5 18. Nxe5 Bf5 19. Bd3 Bxd3 20. Nxd3 Nbd7 21. Bf4 Qb6 22. Re2 e6 23. Rce1 exd5 24. Nxd5 Rxe2 25. Nxb6 Rxc2 26. Nxc8 Rc3 27. Nc1 g5 28. Be3 Kg6 29. Nd6 b6 30. Rd1 h5 31. Ne8 Bf8 32. Nxf6 Nxf6 33. Rd8 Bg7 34. Rd6 g4 35. Rxb6 g3 36. Ne2 gxf2+ 37. Kxf2 Kh7 38. Nxc3 1-0

[Event "Alella op"]
[Site "Alella"]
[Date "2010.08.18"]
[Round "8"]
[White "Melich Martinez, Josep"]
[Black "Anguera Maestro, Jaime"]
[Result "0-1"]
[WhiteElo "1752"]
[BlackElo "2218"]
[PlyCount "70"]
[EventDate "2010.08.11"]
[EventType "swiss"]
[EventRounds "9"]
[EventCountry "ESP"]
[SourceTitle "CBM 138 Extra"]
[Source "ChessBase"]
[SourceDate "2010.10.29"]
[SourceVersion "1"]
[SourceVersionDate "2010.10.29"]
[SourceQuality "1"]

1. d4 d5 2. Nf3 Nf6 3. c4 e6 4. Nc3 c6 5. g3 Nbd7 6. Bg2 Be7 7. cxd5 exd5 8. 0-0 0-0 9. Bf4 Re8 10. Rc1 Nf8 11. Qb3 Ng6 12. Bd2 Bd6 13. e3 Rb8 14. Rfd1 Bf5 15. Be1 Qd7 16. Ne2 Bg4 17. Bb4 Bc7 18. Qa3 a6 19. Re1 Ne4 20. Red1 h5 21. Nf4 h4 22. Rf1 a5 23. Be1 h3 24. Bh1 Bf5 25. Nd2 Nd6 26. Nxg6 Bxg6 27. f3 Nb5 28. Qb3 a4 29. Qxa4 Rxe3 30. Bf2 Re2 31. Rcd1 Bb6 32. Rfe1 Rxf2 33. Kxf2 Bxd4+ 34. Ke2 Re8+ 35. Ne4 dxe4 0-1

[Event "Vall del Tenes op 2nd"]
[Site "Santa Eulalia de Roncana"]
[Date "2010.06.10"]
[Round "8"]
[White "Mejia Fernandez, Josep"]
[Black "Melich Martinez, Josep"]
[Result "1-0"]
[WhiteElo "1722"]
[BlackElo "1793"]
[PlyCount "78"]
[EventDate "2010.04.22"]
[EventType "swiss"]
[EventRounds "9"]
[EventCountry "ESP"]
[SourceTitle "EXT 2011"]
[Source "ChessBase"]
[SourceDate "2010.11.26"]
[SourceVersion "1"]
[SourceVersionDate "2010.11.26"]
[SourceQuality "1"]

1. e4 c6 2. d4 d5 3. Nc3 dxe4 4. Nxe4 Bf5 5. Nc3 Nf6 6. Nf3 e6 7. Bd3 Bg6 8. Be3 Nbd7 9. h3 Qc7 10. 0-0 Bd6 11. Nh4 Nd5 12. Nxd5 cxd5 13. f4 Be7 14. Nf3 0-0 15. Ne5 Nxe5 16. fxe5 Qb6 17. b3 Bb4 18. c4 dxc4 19. bxc4 Be7 20. Bxg6 hxg6 21. Qg4 Qc6 22. Rac1 Rac8 23. d5 Qa6 24. d6 Bd8 25. Rf2 b6 26. h4 Qa5 27. Bd4 Qa3 28. Rc3 Qa5 29. Rfc2 Qb4 30. h5 gxh5 31. Qxh5 Qb1+ 32. Kh2 f5 33. Qg6 Qf1 34. Qxe6+ Rf7 35. Qxc8 Qf4+ 36. g3 Qxd4 37. Qxd8+ Rf8 38. Qe7 Qd1 39. Qe6+ Rf7 1-0

[Event "Llinars del Valles op-B 4th"]
[Site "Llinars del Valles"]
[Date "2010.05.08"]
[Round "5"]
[White "Jimenez Paez, Jaime"]
[Black "Melich Martinez, Josep"]
[Result "1/2-1/2"]
[WhiteElo "1625"]
[BlackElo "1793"]
[PlyCount "188"]
[EventDate "2010.04.10"]
[EventType "swiss"]
[EventRounds "7"]
[EventCountry "ESP"]
[SourceTitle "EXT 2012"]
[Source "ChessBase"]
[SourceDate "2011.11.24"]
[SourceVersion "1"]
[SourceVersionDate "2011.11.24"]
[SourceQuality "1"]

1. d4 Nf6 2. c4 e6 3. Nc3 d5 4. Bg5 Nbd7 5. e3 Be7 6. Rc1 h6 7. Bh4 0-0 8. Nf3 b6 9. Bd3 dxc4 10. Bxc4 Bb7 11. 0-0 a6 12. a4 c5 13. d5 exd5 14. Nxd5 Nxd5 15. Bxd5 Bxd5 16. Bxe7 Bxf3 17. Bxd8 Bxd1 18. Rfxd1 Rfxd8 19. Rd6 Nf6 20. Rxb6 Rab8 21. Rc6 Rxb2 22. R6xc5 Ne4 23. Rc8 Rxc8 24. Rxc8+ Kh7 25. h3 Rb4 26. f3 Nf6 27. Rc7 Kg6 28. Rc6 Rxa4 29. e4 Kh7 30. Rc7 Nxe4 31. fxe4 Rxe4 32. Rxf7 Ra4 33. Ra7 Ra2 34. Kh2 a5 35. Ra6 h5 36. h4 a4 37. Kg3 a3 38. Kf3 Ra1 39. Kf2 a2 40. Kg3 g6 41. Kf2 Kg7 42. Kg3 Kf7 43. Kf2 Ke7 44. Kg3 Kd7 45. Kf2 Kc7 46. Kg3 Kb7 47. Ra3 Kb6 48. Kf2 Kb5 49. Kg3 Kb4 50. Ra8 Kb3 51. Rb8+ Kc2 52. Rc8+ Kd2 53. Rd8+ Ke2 54. Re8+ Kf1 55. Rf8+ Kg1 56. Ra8 Kf1 57. Rf8+ Ke2 58. Re8+ Kd3 59. Rd8+ Ke4 60. Re8+ Kf5 61. Rf8+ Ke6 62. Ra8 Kf6 63. Rf8+ Kg7 64. Ra8 g5 65. Ra7+ Kg6 66. Ra6+ Kf5 67. Ra5+ Ke4 68. hxg5 h4+ 69. Kf2 Kd3 70. g6 Rb1 71. Rxa2 Rb6 72. Ra3+ Ke4 73. Ra4+ Kf5 74. g7 Rg6 75. Rxh4 Rxg7 76. Kf3 Ra7 77. Rf4+ Kg5 78. Re4 Ra3+ 79. Re3 Rxe3+ 80. Kxe3 Kg4 81. Kf2 Kf4 82. g3+ Kg4 83. Kg2 Kg5 84. Kf3 Kf5 85. g4+ Kg5 86. Kg3 Kg6 87. Kf2 Kg5 88. Kf3 Kg6 89. Kf4 Kf6 90. g5+ Kg6 91. Kg4 Kg7 92. Kf5 Kf7 93. g6+ Kg7 94. Kg5 Kg8 1/2-1/2

[Event "Vall del Tenes op 2nd"]
[Site "Santa Eulalia de Roncana"]
[Date "2010.05.06"]
[Round "3"]
[White "Lozano Alarcon, Alejandro"]
[Black "Melich Martinez, Josep"]
[Result "1-0"]
[WhiteElo "1772"]
[BlackElo "1793"]
[PlyCount "116"]
[EventDate "2010.04.22"]
[EventType "swiss"]
[EventRounds "9"]
[EventCountry "ESP"]
[SourceTitle "EXT 2011"]
[Source "ChessBase"]
[SourceDate "2010.11.26"]
[SourceVersion "1"]
[SourceVersionDate "2010.11.26"]
[SourceQuality "1"]

1. e4 c6 2. d4 d5 3. Nc3 dxe4 4. Nxe4 Bf5 5. Ng3 Bg6 6. Nf3 Nd7 7. Nh4 e6 8. Nxg6 hxg6 9. Qf3 Ngf6 10. Bd2 Bd6 11. Ne4 Nxe4 12. Qxe4 Nf6 13. Qf3 Qc7 14. h3 Nd5 15. g3 Qb6 16. 0-0-0 c5 17. dxc5 Bxc5 18. Bc4 Rh5 19. g4 Re5 20. Rhe1 Rxe1 21. Rxe1 Nf6 22. g5 Nh5 23. Qd3 Rd8 24. Qf3 Rd4 25. Bb3 Ke7 26. Be3 Rd7 27. Bxc5+ Qxc5 28. h4 Qd4 29. Qe2 Qf4+ 30. Kb1 Rd2 31. Qb5 Rd7 32. Ba4 Rd8 33. Qxb7+ Kf8 34. Qxa7 Qxh4 35. Qa5 Qd4 36. c3 Qd5 37. Qb4+ Kg8 38. Rd1 Qf5+ 39. Ka1 Rxd1+ 40. Bxd1 Qxg5 41. Qb8+ Kh7 42. Bc2 Qd2 43. Bb1 Qxf2 44. a4 Qc5 45. Qe8 Qc7 46. Qb5 Nf6 47. a5 Nd5 48. c4 Ne3 49. c5 Nd5 50. Be4 Qe5 51. Bxd5 Qxd5 52. a6 Qd1+ 53. Ka2 Qd5+ 54. Ka3 g5 55. a7 g4 56. Qb6 g3 57. c6 Qd6+ 58. b4 Qd3+ 1-0

[Event "Vall del Tenes op 2nd"]
[Site "Santa Eulalia de Roncana"]
[Date "2010.04.22"]
[Round "1"]
[White "Parramon Arimany, Marc"]
[Black "Melich Martinez, Josep"]
[Result "1-0"]
[WhiteElo "1865"]
[BlackElo "1793"]
[PlyCount "23"]
[EventDate "2010.04.22"]
[EventType "swiss"]
[EventRounds "9"]
[EventCountry "ESP"]
[SourceTitle "EXT 2011"]
[Source "ChessBase"]
[SourceDate "2010.11.26"]
[SourceVersion "1"]
[SourceVersionDate "2010.11.26"]
[SourceQuality "1"]

1. e4 c6 2. d4 d5 3. exd5 cxd5 4. c4 Nc6 5. Nc3 Nf6 6. Bg5 e6 7. Bxf6 Qxf6 8. cxd5 Nxd4 9. Nge2 Nxe2 10. Bxe2 a6 11. 0-0 Bb4 12. Qa4+ 1-0